Advertising and Integrated Brand Promotion / (Record no. 13733)
[ view plain ]
| 000 -LEADER | |
|---|---|
| fixed length control field | 01196cam a2200325 a 4500 |
| 001 - CONTROL NUMBER | |
| control field | 13782225 |
| 005 - DATE AND TIME OF LATEST TRANSACTION | |
| control field | 20161109150501.0 |
| 008 - FIXED-LENGTH DATA ELEMENTS--GENERAL INFORMATION | |
| fixed length control field | 041115s2006 ohua |rb 001 0 eng |
| 010 ## - LIBRARY OF CONGRESS CONTROL NUMBER | |
| LC control number | 2004116550 |
| 020 ## - INTERNATIONAL STANDARD BOOK NUMBER | |
| International Standard Book Number | 0324289561 (student ed. with InfoTrac) |
| 020 ## - INTERNATIONAL STANDARD BOOK NUMBER | |
| International Standard Book Number | 0324320159 (student ed.) |
| 020 ## - INTERNATIONAL STANDARD BOOK NUMBER | |
| International Standard Book Number | 0324317182 (instructor's ed. with InfoTrac) |
| 040 ## - CATALOGING SOURCE | |
| Original cataloging agency | DLC |
| Transcribing agency | DLC |
| Modifying agency | DLC |
| 042 ## - AUTHENTICATION CODE | |
| Authentication code | pcc |
| 050 00 - LIBRARY OF CONGRESS CALL NUMBER | |
| Classification number | HF5821 |
| Item number | .O34 2006 |
| 082 00 - DEWEY DECIMAL CLASSIFICATION NUMBER | |
| Classification number | 659.1 |
| Edition number | 22 |
| Item number | OGU |
| 100 1# - MAIN ENTRY--PERSONAL NAME | |
| Personal name | O'Guinn, Thomas C. |
| 9 (RLIN) | 12896 |
| 245 10 - TITLE STATEMENT | |
| Title | Advertising and Integrated Brand Promotion / |
| Statement of responsibility, etc | Thomas C. O'Guinn, Chris T. Allen, Richard J. Semenik. |
| 250 ## - EDITION STATEMENT | |
| Edition statement | 4th ed. |
| 260 ## - PUBLICATION, DISTRIBUTION, ETC. (IMPRINT) | |
| Place of publication, distribution, etc | Mason, Ohio : |
| Name of publisher, distributor, etc | Thomson/South-Western, |
| Date of publication, distribution, etc | c2006. |
| 300 ## - PHYSICAL DESCRIPTION | |
| Extent | xlviii, 781 p. : |
| Other physical details | ill. ; |
| Dimensions | 29 cm. |
| 504 ## - BIBLIOGRAPHY, ETC. NOTE | |
| Bibliography, etc | Includes bibliographical references and indexes. |
| 650 #0 - SUBJECT ADDED ENTRY--TOPICAL TERM | |
| Topical term or geographic name as entry element | Advertising. |
| 9 (RLIN) | 12897 |
| 650 #0 - SUBJECT ADDED ENTRY--TOPICAL TERM | |
| 9 (RLIN) | 12898 |
| Topical term or geographic name as entry element | Advertising media planning |
| 700 1# - ADDED ENTRY--PERSONAL NAME | |
| Personal name | Allen, Chris T. |
| 9 (RLIN) | 12899 |
| 700 1# - ADDED ENTRY--PERSONAL NAME | |
| Personal name | Semenik, Richard J. |
| 9 (RLIN) | 12900 |
| 942 ## - ADDED ENTRY ELEMENTS (KOHA) | |
| Source of classification or shelving scheme | Dewey Decimal Classification |
| Item type | Book - Borrowing |
| Withdrawn status | Item status | Source of classification or shelving scheme | Materials specified (bound volume or other part) | Damaged status | Not for loan | Vendor | Home library | Current library | Shelving location | Date acquired | Source of acquisition | Total Checkouts | Total Renewals | Full call number | Barcode | Date last seen | Date last borrowed | Koha item type |
|---|---|---|---|---|---|---|---|---|---|---|---|---|---|---|---|---|---|---|
| Lost | Dewey Decimal Classification | Lost In Inventory_2015-8-23 | Alahram | Central Library | Central Library | First floor | 18/03/2010 | 7 | 18 | 659.1 OGU | 000020134 | 18/01/2012 | 15/12/2011 | Book - Borrowing | ||||
| Dewey Decimal Classification | Alahram | Central Library | Central Library | First floor | 04/11/2012 | 1 | 7 | 659.1 OGU | 000026718 | 15/07/2025 | 04/11/2012 | Book - Borrowing |